[Event "Kort Pske 1. forlb Gruppe 2"]
[Site "Svendborg"]
[Date "2018.03.24"]
[Round "1"]
[White "Jacobsen, Steen"]
[Black "Medhus, Vitus Bondo"]
[Result "1/2-1/2"]
[WhiteElo "1659"]
[BlackElo "1394"]
[PlyCount "48"]
[EventDate "2018.03.24"]
[EventType "swiss"]
[EventRounds "5"]
[EventCountry "DEN"]

1. d4 Nf6 2. Bf4 d5 3. e3 Bf5 4. Bd3 e6 5. Bxf5 exf5 6. Nf3 Bd6 7. Ne5 Nc6 8.
O-O O-O 9. Nd2 Re8 10. Ndf3 Ng4 11. Nxc6 bxc6 12. Bxd6 Qxd6 13. Qd3 Re4 14. h3
Nh6 15. c4 Qg6 16. Ne5 Qe6 17. cxd5 Qxd5 18. Rfc1 Rxe5 19. Rc5 Qe4 20. Qxe4
Rxe4 21. Rxc6 Re7 22. Rac1 Rc8 23. d5 Kf8 24. d6 Re6 1/2-1/2

[Event "Kort Pske 1. forlb Gruppe 2"]
[Site "Svendborg"]
[Date "2018.03.24"]
[Round "1"]
[White "Langer, Peter"]
[Black "Saliev, Ramadan"]
[Result "1-0"]
[WhiteElo "1531"]
[BlackElo "1403"]
[PlyCount "99"]
[EventDate "2018.03.24"]
[EventType "swiss"]
[EventRounds "5"]
[EventCountry "DEN"]

1. d4 Nf6 2. Bf4 e6 3. e3 Bb4+ 4. c3 Bd6 5. Bg3 a6 6. Bd3 Bxg3 7. hxg3 d6 8.
Nf3 h6 9. Nbd2 Bd7 10. Qb3 Bc6 11. e4 Nbd7 12. O-O Ng4 13. Qd1 h5 14. Re1 Qf6
15. d5 Bb5 16. c4 Nc5 17. e5 dxe5 18. Be4 exd5 19. Bxd5 c6 20. Be4 Rd8 21. cxb5
axb5 22. Qe2 g5 23. Bc2 Nd7 24. Ne4 Qe7 25. Nexg5 f6 26. Bg6+ Kf8 27. Nf7 Kg7
28. Nxh8 Rxh8 29. Nh4 Nf8 30. Nf5+ Kxg6 31. Nxe7+ Kf7 32. Nf5 Ne6 33. Rad1 Nc5
34. b4 Na4 35. Qd2 Ke6 36. Ng7+ Kf7 37. Qd7+ Kg6 38. Nf5 Rh7 39. Nh4+ Kh6 40.
Qf5 Rg7 41. Rd7 Nb6 42. Rxg7 Kxg7 43. Qg6+ Kf8 44. f3 Ke7 45. fxg4 hxg4 46.
Nf5+ Ke6 47. Qxg4 Nd5 48. Ne3+ Kf7 49. Nxd5 cxd5 50. Rc1 1-0

[Event "Kort Pske 1. forlb Gruppe 2"]
[Site "Svendborg"]
[Date "2018.03.24"]
[Round "1"]
[White "Kristensen, Niels Aage"]
[Black "Aggerbeck Lauritzen, Nikolaj"]
[Result "0-1"]
[WhiteElo "1564"]
[BlackElo "1162"]
[PlyCount "74"]
[EventDate "2018.03.24"]
[EventType "swiss"]
[EventRounds "5"]
[EventCountry "DEN"]

1. e4 c6 2. Nf3 d5 3. exd5 cxd5 4. d4 Nf6 5. Nc3 e6 6. Bd3 h6 7. O-O Bd6 8. Re1
O-O 9. Ne5 Nc6 10. Nxc6 bxc6 11. Ne2 Qc7 12. Ng3 e5 13. Bf5 e4 14. Bxc8 Raxc8
15. c3 Kh7 16. Re3 Rh8 17. f3 Bf4 18. Qc2 Bxe3+ 19. Bxe3 Kg8 20. fxe4 dxe4 21.
Qe2 h5 22. Rf1 Nd5 23. Nxe4 Nxe3 24. Qxe3 Rh6 25. Qg5 Qd8 26. Qf5 Rc7 27. Ng5
Qe7 28. Ne4 Qe6 29. Qg5 Re7 30. Ng3 Rg6 31. Qxh5 Qe3+ 32. Kh1 Qg5 33. Qd1 Rf6
34. Re1 Rxe1+ 35. Qxe1 Re6 36. Qf2 Qc1+ 37. Nf1 Rf6 0-1

[Event "Kort Pske 1. forlb Gruppe 2"]
[Site "Svendborg"]
[Date "2018.03.24"]
[Round "1"]
[White "Rasmussen, Erik Elmer"]
[Black "Andersen, Sten Bo"]
[Result "0-1"]
[WhiteElo "1539"]
[BlackElo "1398"]
[PlyCount "74"]
[EventDate "2018.03.24"]
[EventType "swiss"]
[EventRounds "5"]
[EventCountry "DEN"]

1. e4 e5 2. Bc4 Nf6 3. d4 Bb4+ 4. c3 Bd6 5. dxe5 Bxe5 6. Nf3 Qe7 7. O-O O-O 8.
Bg5 d6 9. Nbd2 Be6 10. Qb3 b6 11. Nxe5 dxe5 12. f4 Bxc4 13. Qxc4 exf4 14. Bxf4
c5 15. Bg5 Nbd7 16. Rf3 Ne5 17. Bxf6 Nxf3+ 18. Nxf3 Qxf6 19. Rd1 Qe7 20. Rd5
Rad8 21. Re5 Qc7 22. b4 Rc8 23. b5 Rce8 24. Rf5 Re7 25. Kf2 h6 26. h4 Re6 27.
g4 g6 28. Rd5 Qf4 29. g5 Rxe4 30. Qd3 c4 31. Qd1 Qe3+ 32. Kf1 Rf4 33. Kg2 Rg4+
34. Kf1 Rg3 35. Nd4 Qg1+ 36. Ke2 Qe3+ 37. Kf1 Rg1# 0-1

[Event "Kort Pske 1. forlb Gruppe 2"]
[Site "Svendborg"]
[Date "2018.03.24"]
[Round "1"]
[White "Hansen, Mikkel Strandby"]
[Black "Dam, Lis K."]
[Result "1-0"]
[WhiteElo "1453"]
[BlackElo "1227"]
[PlyCount "53"]
[EventDate "2018.03.24"]
[EventType "swiss"]
[EventRounds "5"]
[EventCountry "DEN"]

1. d4 d5 2. Nf3 h6 3. Bf4 Nc6 4. e3 Nf6 5. Nbd2 e6 6. a3 Bd6 7. Bg3 Bxg3 8.
hxg3 Qd6 9. c4 b6 10. Rc1 Bb7 11. cxd5 Qxd5 12. Bc4 Qd6 13. Bb5 a6 14. Bxc6+
Bxc6 15. Qc2 Bxf3 16. Nxf3 Rc8 17. Qa4+ b5 18. Qc2 Qd5 19. Qc6+ Qxc6 20. Rxc6
a5 21. Rc5 c6 22. Ne5 Ne4 23. Rxc6 Rxc6 24. Nxc6 a4 25. Ke2 O-O 26. Rc1 Rc8 27.
Ne7+ 1-0

[Event "Kort Pske 1. forlb Gruppe 2"]
[Site "Svendborg"]
[Date "2018.03.24"]
[Round "1"]
[White "Saravana, Vedant Kumar"]
[Black "Nielsen, Jan"]
[Result "1-0"]
[WhiteElo "1271"]
[BlackElo "2127"]
[PlyCount "79"]
[EventDate "2018.03.24"]
[EventType "swiss"]
[EventRounds "5"]
[EventCountry "DEN"]

1. e4 c5 2. Nf3 Nc6 3. Bb5 a6 4. Bxc6 bxc6 5. d3 d6 6. O-O e5 7. c4 Be7 8. Nc3
Nf6 9. Bd2 O-O 10. Qc2 h6 11. h3 Be6 12. Rfe1 Qc7 13. Rac1 Nd7 14. Re2 f5 15.
exf5 Bxf5 16. Ne4 Rae8 17. Bc3 Bxh3 18. Nxe5 Bf5 19. Nxd7 Qxd7 20. Rce1 d5 21.
cxd5 cxd5 22. Ng3 Bg6 23. Re6 Bf6 24. Rxe8 Rxe8 25. Rxe8+ Qxe8 26. Bxf6 Qe1+
27. Nf1 c4 28. Bc3 Qxf1+ 29. Kxf1 Bxd3+ 30. Qxd3 cxd3 31. Ke1 h5 32. Kd2 Kf7
33. Kxd3 g5 34. Kd4 Ke6 35. Bd2 g4 36. g3 Kd6 37. a4 Kc6 38. b4 Kd6 39. b5 axb5
40. axb5 1-0

[Event "Kort Pske 1. forlb Gruppe 2"]
[Site "Svendborg"]
[Date "2018.03.24"]
[Round "1"]
[White "Nielsen Refs, Ingrid Elmer"]
[Black "Eriksen, Jens"]
[Result "1-0"]
[WhiteElo "1404"]
[BlackElo "1582"]
[PlyCount "59"]
[EventDate "2018.03.24"]
[EventType "swiss"]
[EventRounds "5"]
[EventCountry "DEN"]

1. e4 c5 2. Nc3 Nc6 3. f4 d6 4. Nf3 Qc7 5. Bc4 e6 6. d3 a6 7. O-O Be7 8. d4
cxd4 9. Nxd4 Nf6 10. Bb3 O-O 11. Nxc6 bxc6 12. Qf3 Bb7 13. f5 e5 14. Qg3 Kh8
15. Rf3 c5 16. Nd5 Nxd5 17. Bxd5 Bxd5 18. exd5 Rab8 19. b3 Bf6 20. Bg5 e4 21.
Bxf6 gxf6 22. Re3 c4 23. Qh4 Qc5 24. Qxf6+ Kg8 25. Rae1 cxb3 26. Kh1 Rfc8 27.
Qh6 Qd4 28. Rg3+ Kh8 29. f6 Rg8 30. Rg7 1-0

[Event "Kort Pske 1. forlb Gruppe 2"]
[Site "Svendborg"]
[Date "2018.03.24"]
[Round "1"]
[White "Nielsen Refs, Karl Emil Elmer"]
[Black "Thorup, Bo Beier"]
[Result "0-1"]
[WhiteElo "1190"]
[BlackElo "1659"]
[PlyCount "122"]
[EventDate "2018.03.24"]
[EventType "swiss"]
[EventRounds "5"]
[EventCountry "DEN"]

1. d4 Nf6 2. Nf3 g6 3. g3 Bg7 4. Bg2 c5 5. c3 cxd4 6. cxd4 d5 7. O-O O-O 8. Bg5
Qb6 9. Qd2 Ne4 10. Qe3 Nxg5 11. Qxg5 Qxb2 12. Nbd2 e6 13. Qh4 Nc6 14. e3 a6 15.
Ng5 h6 16. Ngf3 b5 17. a3 Bb7 18. a4 b4 19. Rfb1 Qc3 20. Rc1 Qd3 21. Rab1 a5
22. Bf1 Qf5 23. Rc5 Rfc8 24. e4 Qf6 25. Qxf6 Bxf6 26. e5 Be7 27. Rb5 Ba6 28.
Rb6 Bxf1 29. Kxf1 Bd8 30. Rb5 Rab8 31. Rxb8 Nxb8 32. h4 Bb6 33. Kg2 Rc3 34. Rb3
Nc6 35. Rxc3 bxc3 36. Nb3 c2 37. Kf1 Nxd4 38. Nfxd4 Bxd4 39. Ke2 Bxe5 40. Kd2
c1=Q+ 41. Kxc1 Bc3 42. Kd1 e5 43. Ke2 f6 44. Kd3 Bb4 45. Ke2 Kf7 46. f4 Ke6 47.
fxe5 fxe5 48. g4 d4 49. Kf3 Kd5 50. h5 g5 51. Ke2 e4 52. Nc1 Kc4 53. Kd1 d3 54.
Na2 Kb3 55. Nc1+ Kxa4 56. Na2 Kb3 57. Nc1+ Kc4 58. Na2 e3 59. Nc1 Ba3 60. Ne2
dxe2+ 61. Kxe2 Kd4 0-1

[Event "Kort Pske 1. forlb Gruppe 2"]
[Site "Svendborg"]
[Date "2018.03.24"]
[Round "1"]
[White "Sorensen, John"]
[Black "Iskos, Lukas"]
[Result "0-1"]
[WhiteElo "1194"]
[BlackElo "1224"]
[PlyCount "56"]
[EventDate "2018.03.24"]
[EventType "swiss"]
[EventRounds "5"]
[EventCountry "DEN"]

1. e3 e5 2. d4 exd4 3. Qxd4 Nc6 4. Qd2 Nf6 5. Nc3 Bb4 6. Qd3 d5 7. Nf3 O-O 8.
Be2 Ne4 9. O-O Bxc3 10. bxc3 Bf5 11. Bb2 Ng3 12. Qd1 Nxf1 13. Bxf1 Qd6 14. Bd3
Be4 15. a4 Qf6 16. Qe2 Bxf3 17. gxf3 Ne5 18. f4 Nc6 19. Rb1 Rfe8 20. Qf3 Ne5
21. Qxd5 Nxd3 22. cxd3 Qg6+ 23. Qg2 Qxd3 24. Qf1 Qg6+ 25. Kh1 Qe4+ 26. Kg1 Re6
27. f3 Rg6+ 28. Kf2 Qc2+ 0-1

[Event "Kort Pske 1. forlb Gruppe 2"]
[Site "Svendborg"]
[Date "2018.03.25"]
[Round "2"]
[White "Nielsen, Jan"]
[Black "Jacobsen, Steen"]
[Result "1/2-1/2"]
[WhiteElo "2127"]
[BlackElo "1659"]
[PlyCount "71"]
[EventDate "2018.03.24"]
[EventType "swiss"]
[EventRounds "5"]
[EventCountry "DEN"]

1. e4 e6 2. Nf3 d5 3. exd5 exd5 4. d4 Nf6 5. Bd3 Be7 6. O-O O-O 7. Be3 Bg4 8.
Nbd2 Re8 9. h3 Bh5 10. c3 Nbd7 11. Qc2 Bxf3 12. Nxf3 h6 13. Rae1 Bd6 14. Re2
Ne4 15. Rfe1 f5 16. Bc1 c6 17. Qb3 Qb6 18. Qc2 Qd8 19. Nd2 Qc7 20. Nf3 Ndf6 21.
Rf1 Qd7 22. Bxe4 fxe4 23. Nh2 Qc7 24. f4 Nh5 25. Ng4 Ng3 26. Ne5 Bxe5 27. dxe5
Nxf1 28. Kxf1 Rf8 29. Rf2 Qe7 30. Be3 b6 31. Qe2 Rad8 32. Qg4 Rf7 33. e6 Rf6
34. f5 Rdf8 35. Bd4 c5 36. Bxf6 1/2-1/2

[Event "Kort Pske 1. forlb Gruppe 2"]
[Site "Svendborg"]
[Date "2018.03.25"]
[Round "2"]
[White "Eriksen, Jens"]
[Black "Nielsen Refs, Karl Emil Elmer"]
[Result "0-1"]
[WhiteElo "1582"]
[BlackElo "1190"]
[PlyCount "76"]
[EventDate "2018.03.24"]
[EventType "swiss"]
[EventRounds "5"]
[EventCountry "DEN"]

1. d4 d6 2. Nf3 Nf6 3. Bg5 g6 4. c4 Bg7 5. Nc3 Nc6 6. e3 Bf5 7. Bd3 Qd7 8. e4
Bg4 9. Be2 Na5 10. Qd3 e6 11. Be3 O-O 12. d5 b6 13. Nd4 Bxe2 14. Ndxe2 c6 15.
Rb1 cxd5 16. exd5 exd5 17. cxd5 Qg4 18. O-O Nc4 19. f3 Ne5 20. Qd2 Qf5 21. Nd4
Qd7 22. b3 Rac8 23. Ne4 Nxd5 24. f4 Ng4 25. Bf2 Rfe8 26. Rbe1 f5 27. Ng5 Nxf2
28. Qxf2 h6 29. Nge6 Qb7 30. Nxg7 Qxg7 31. Ne6 Qf6 32. Qd4 Qxd4+ 33. Nxd4 Rxe1
34. Rxe1 Nxf4 35. g3 Nh3+ 36. Kg2 Ng5 37. Ne6 Rc2+ 38. Kh1 Nf3 0-1

[Event "Kort Pske 1. forlb Gruppe 2"]
[Site "Svendborg"]
[Date "2018.03.25"]
[Round "2"]
[White "Thorup, Bo Beier"]
[Black "Saravana, Vedant Kumar"]
[Result "1/2-1/2"]
[WhiteElo "1659"]
[BlackElo "1271"]
[PlyCount "106"]
[EventDate "2018.03.24"]
[EventType "swiss"]
[EventRounds "5"]
[EventCountry "DEN"]

1. e4 e5 2. f4 d6 3. Nf3 Nc6 4. Bb5 Bg4 5. O-O Nf6 6. Bxc6+ bxc6 7. Nc3 Be7 8.
d4 exd4 9. Qxd4 d5 10. Ne5 dxe4 11. Qxd8+ Rxd8 12. Nxg4 Nxg4 13. Nxe4 f5 14. h3
fxe4 15. hxg4 Bc5+ 16. Kh2 O-O 17. Re1 Rfe8 18. a3 e3 19. Kg3 Rd7 20. Kf3 Rde7
21. Re2 Re4 22. c3 Bd6 23. g3 Bc5 24. b4 Bb6 25. Bb2 Kf7 26. Rd1 R8e7 27. Rd3
a5 28. Bc1 c5 29. Rdxe3 Rxe3+ 30. Rxe3 cxb4 31. Rxe7+ Kxe7 32. axb4 axb4 33.
cxb4 Kd6 34. Bb2 g6 35. f5 c5 36. bxc5+ Bxc5 37. Ke4 Ke7 38. Bd4 Ba3 39. Kf4
Kf7 40. Be3 Be7 41. Bd4 Ba3 42. g5 Bd6+ 43. Be5 Ba3 44. Bd4 Bc1+ 45. Kg4 Ba3
46. Be3 Bd6 47. Bf4 Ba3 48. Bd2 Bc5 49. Kf4 Bd6+ 50. Kg4 Bc5 51. Bf4 Ba3 52.
Be5 Be7 53. f6 Bc5 1/2-1/2

[Event "Kort Pske 1. forlb Gruppe 2"]
[Site "Svendborg"]
[Date "2018.03.25"]
[Round "2"]
[White "Henriksen, Ole"]
[Black "Sorensen, John"]
[Result "1-0"]
[WhiteElo "1558"]
[BlackElo "1194"]
[PlyCount "63"]
[EventDate "2018.03.24"]
[EventType "swiss"]
[EventRounds "5"]
[EventCountry "DEN"]

1. e4 e5 2. Nf3 d6 3. Nc3 Nf6 4. Be2 Be7 5. O-O O-O 6. h3 c6 7. d4 exd4 8. Nxd4
Nbd7 9. Be3 Ne5 10. f4 Ng6 11. Kh2 Re8 12. f5 Ne5 13. g4 d5 14. Bf4 Bd6 15.
exd5 cxd5 16. g5 Ne4 17. Nxe4 dxe4 18. Kh1 Qb6 19. Rb1 Bc5 20. Be3 f6 21. h4
Bd7 22. c3 Rad8 23. b4 Bxd4 24. Bxd4 Qd6 25. Qb3+ Kh8 26. Bh5 g6 27. fxg6 Be6
28. Qc2 Rg8 29. Rxf6 Rg7 30. Rbf1 Nf3 31. Bxf3 Rxg6 32. Rxg6+ 1-0

[Event "Kort Pske 1. forlb Gruppe 2"]
[Site "Svendborg"]
[Date "2018.03.25"]
[Round "2"]
[White "Iskos, Lukas"]
[Black "Nielsen Refs, Ingrid Elmer"]
[Result "1-0"]
[WhiteElo "1224"]
[BlackElo "1404"]
[PlyCount "69"]
[EventDate "2018.03.24"]
[EventType "swiss"]
[EventRounds "5"]
[EventCountry "DEN"]

1. e4 c5 2. Nc3 d6 3. Nf3 g6 4. d4 cxd4 5. Nxd4 Bg7 6. Bc4 Nf6 7. Bg5 O-O 8.
Bxf6 Bxf6 9. h4 Qb6 10. Nd5 Qxd4 11. Qxd4 Bxd4 12. Nc7 Na6 13. Nxa8 e6 14.
O-O-O Bc5 15. f3 Bd7 16. Bxa6 bxa6 17. Nc7 Bc8 18. h5 Bb6 19. Na8 Bb7 20. Nxb6
axb6 21. Rxd6 b5 22. Rb6 Bc8 23. hxg6 fxg6 24. Rd1 Re8 25. Rdd6 Kf7 26. Kd2 g5
27. Rdc6 Kg6 28. Rb8 Rd8+ 29. Ke3 Bd7 30. Rxd8 Bxc6 31. Rd6 Bb7 32. Rxe6+ Kh5
33. g4+ Kh4 34. Kf2 h5 35. Rh6 1-0

[Event "Kort Pske 1. forlb Gruppe 2"]
[Site "Svendborg"]
[Date "2018.03.25"]
[Round "2"]
[White "Saliev, Ramadan"]
[Black "Kristensen, Niels Aage"]
[Result "0-1"]
[WhiteElo "1403"]
[BlackElo "1564"]
[PlyCount "94"]
[EventDate "2018.03.24"]
[EventType "swiss"]
[EventRounds "5"]
[EventCountry "DEN"]

1. d4 d5 2. Nf3 Nf6 3. Bf4 e6 4. e3 Bb4+ 5. c3 Bd6 6. Bg3 Nbd7 7. Nbd2 Be7 8.
Ne5 h5 9. h3 c5 10. f3 h4 11. Bf2 Nh5 12. f4 Ndf6 13. Be2 Ng3 14. Bxg3 hxg3 15.
Ndf3 Ne4 16. Qc2 g5 17. Rg1 a6 18. O-O-O c4 19. Rdf1 gxf4 20. exf4 b5 21. Nc6
Qc7 22. Nfe5 Bb7 23. Nxe7 Qxe7 24. f5 Qg5+ 25. Kd1 Nf2+ 26. Ke1 exf5 27. Qd2
Qxd2+ 28. Kxd2 Ke7 29. Ke3 Rh4 30. Bf3 Re8 31. Re1 f6 32. Kd2 fxe5 33. Rxe5+
Kd7 34. Rxf5 Ne4+ 35. Ke3 Nd6+ 36. Re5 Rxe5+ 37. dxe5 d4+ 38. cxd4 Nf5+ 39. Ke2
Nxd4+ 40. Ke3 Bxf3 41. gxf3 Nf5+ 42. Ke2 Rxh3 43. Rg2 Rh2 44. Kf1 Ne3+ 45. Ke2
Rxg2+ 46. Kxe3 Rxb2 47. f4 g2 0-1

[Event "Kort Pske 1. forlb Gruppe 2"]
[Site "Svendborg"]
[Date "2018.03.25"]
[Round "2"]
[White "Aggerbeck Lauritzen, Nikolaj"]
[Black "Langer, Peter"]
[Result "0-1"]
[WhiteElo "1162"]
[BlackElo "1531"]
[PlyCount "90"]
[EventDate "2018.03.24"]
[EventType "swiss"]
[EventRounds "5"]
[EventCountry "DEN"]

1. e4 c5 2. Nf3 d6 3. d4 cxd4 4. Nxd4 Nf6 5. Nc3 a6 6. Be3 e6 7. Be2 Be7 8. O-O
b5 9. a3 Bb7 10. Bf3 Nbd7 11. b4 Rc8 12. Qd2 Ne5 13. Nb3 Qc7 14. Na5 Ba8 15.
Ne2 Bxe4 16. Bxe4 Nxe4 17. Qd4 Nf6 18. a4 bxa4 19. Rxa4 O-O 20. Rc1 Rb8 21. c4
Qd7 22. Nc3 Nc6 23. Nxc6 Qxc6 24. Rca1 Qb7 25. Qa7 Qxa7 26. Bxa7 Rb7 27. Be3
Rc8 28. b5 axb5 29. Nxb5 h6 30. Nd4 Ne4 31. Ne2 d5 32. cxd5 exd5 33. Rd1 Rb2
34. Rc1 Rxc1+ 35. Nxc1 Rb1 36. Ra8+ Kh7 37. f3 Bc5 38. fxe4 Bxe3+ 39. Kf1 Rxc1+
40. Ke2 d4 41. Ra7 f6 42. h4 Rc2+ 43. Kf1 Rf2+ 44. Ke1 Rxg2 45. h5 d3 0-1

[Event "Kort Pske 1. forlb Gruppe 2"]
[Site "Svendborg"]
[Date "2018.03.25"]
[Round "2"]
[White "Andersen, Sten Bo"]
[Black "Hansen, Mikkel Strandby"]
[Result "0-1"]
[WhiteElo "1398"]
[BlackElo "1453"]
[PlyCount "106"]
[EventDate "2018.03.24"]
[EventType "swiss"]
[EventRounds "5"]
[EventCountry "DEN"]

1. e4 e6 2. Bc4 d5 3. exd5 exd5 4. Bb3 Nf6 5. d4 Bd6 6. Nc3 c6 7. Nf3 O-O 8.
O-O Qc7 9. Bg5 Ne4 10. Qd3 Bf5 11. Qe3 Re8 12. Rae1 Nd7 13. Qc1 h6 14. Bh4 Bf4
15. Qd1 a5 16. a4 Bg4 17. Ne2 Bxf3 18. gxf3 Nd2 19. Ng3 Nxf1 20. Rxe8+ Rxe8 21.
Nxf1 Re6 22. Bg3 h5 23. Qd3 Rg6 24. Kh1 Rh6 25. Qf5 Bxg3 26. fxg3 g6 27. Qd3
Kg7 28. c4 Nf6 29. c5 Rh8 30. Qd2 Re8 31. Bd1 Qe7 32. Kg1 Qe1 33. Bc2 Qxd2 34.
Nxd2 Re2 35. Nb3 Rxc2 36. Nxa5 Rxb2 37. Kh1 Rb4 38. Kg2 Nh7 39. h4 Nf8 40. g4
Ne6 41. Kg3 Nd8 42. gxh5 gxh5 43. Kf4 Rxa4 44. Nb3 Rb4 45. Nc1 Rxd4+ 46. Kg5
Rc4 47. Nd3 Ne6+ 48. Kxh5 Nxc5 49. Ne5 b5 50. Nxc6 b4 51. Ne7 b3 52. Nf5+ Kh7
53. Ne3 b2 0-1

[Event "Kort Pske 1. forlb Gruppe 2"]
[Site "Svendborg"]
[Date "2018.03.25"]
[Round "2"]
[White "Dam, Lis K."]
[Black "Rasmussen, Erik Elmer"]
[Result "0-1"]
[WhiteElo "1227"]
[BlackElo "1539"]
[PlyCount "72"]
[EventDate "2018.03.24"]
[EventType "swiss"]
[EventRounds "5"]
[EventCountry "DEN"]

1. e4 d5 2. Qf3 dxe4 3. Qxe4 Nf6 4. Qd3 Nc6 5. Qxd8+ Nxd8 6. Be2 Bf5 7. d3 e5
8. Bg5 Be7 9. Nf3 e4 10. dxe4 Bxe4 11. Bxf6 Bxf6 12. c3 Ne6 13. Nbd2 Bc6 14. g3
O-O-O 15. O-O g5 16. Rfd1 h5 17. Nf1 g4 18. Rxd8+ Rxd8 19. Nh4 Bxh4 20. gxh4
Nf4 21. Ng3 Rd2 22. Kf1 Rxb2 23. Bc4 Nh3 24. Nxh5 Rxf2+ 25. Ke1 Rxh2 26. Rd1
Rh1+ 27. Kd2 Rxd1+ 28. Kxd1 f5 29. Be6+ Bd7 30. Bxd7+ Kxd7 31. Ng3 f4 32. Ne2
g3 33. h5 Ke7 34. h6 Kf7 35. h7 Kg7 36. Ke1 g2 0-1

[Event "Kort Pske 1. forlb Gruppe 2"]
[Site "Svendborg"]
[Date "2018.03.25"]
[Round "3"]
[White "Jacobsen, Steen"]
[Black "Aggerbeck Lauritzen, Nikolaj"]
[Result "0-1"]
[WhiteElo "1659"]
[BlackElo "1162"]
[PlyCount "38"]
[EventDate "2018.03.24"]
[EventType "swiss"]
[EventRounds "5"]
[EventCountry "DEN"]

1. d4 Nf6 2. c4 e6 3. Nc3 Bb4 4. Qc2 d5 5. Bd2 O-O 6. e3 b6 7. Bd3 Bb7 8. cxd5
Bxc3 9. bxc3 Bxd5 10. e4 Bb7 11. Nf3 h6 12. Rg1 Nbd7 13. Qc1 Nxe4 14. Bxh6 gxh6
15. Qxh6 Qf6 16. Qe3 Nd6 17. Ng5 Rfd8 18. Bh7+ Kf8 19. Be4 Bxe4 0-1

[Event "Kort Pske 1. forlb Gruppe 2"]
[Site "Svendborg"]
[Date "2018.03.25"]
[Round "3"]
[White "Langer, Peter"]
[Black "Iskos, Lukas"]
[Result "1/2-1/2"]
[WhiteElo "1531"]
[BlackElo "1224"]
[PlyCount "59"]
[EventDate "2018.03.24"]
[EventType "swiss"]
[EventRounds "5"]
[EventCountry "DEN"]

1. d4 Nf6 2. Bf4 e6 3. e3 d5 4. Bd3 c5 5. c3 Nc6 6. Nf3 Be7 7. Nbd2 Nh5 8. Be5
f6 9. Bg3 Nxg3 10. hxg3 f5 11. dxc5 Bxc5 12. Bb5 Qb6 13. Bxc6+ bxc6 14. Ne5 Ba6
15. Qh5+ Ke7 16. Qf7+ Kd6 17. Nec4+ dxc4 18. Rd1 Bd4 19. exd4 Qxb2 20. Qxg7
Qxc3 21. Qe5+ Kd7 22. O-O Qb4 23. Rfe1 Rhe8 24. Nf3 c3 25. Qg7+ Re7 26. Ne5+
Kc7 27. Qf6 c2 28. Rc1 Rae8 29. Nf3 Rd8 30. Qg5 1/2-1/2

[Event "Kort Pske 1. forlb Gruppe 2"]
[Site "Svendborg"]
[Date "2018.03.25"]
[Round "3"]
[White "Kristensen, Niels Aage"]
[Black "Andersen, Sten Bo"]
[Result "1-0"]
[WhiteElo "1564"]
[BlackElo "1398"]
[PlyCount "53"]
[EventDate "2018.03.24"]
[EventType "swiss"]
[EventRounds "5"]
[EventCountry "DEN"]

1. e4 e5 2. Nf3 Nc6 3. d4 Bd6 4. Bc4 h6 5. O-O Nf6 6. Nbd2 exd4 7. Re1 Ne5 8.
Nb3 Nxc4 9. Qxd4 Ne5 10. Nxe5 Qe7 11. Nc4 c5 12. Nxd6+ Kf8 13. Nxc5 b6 14. Nb3
Rb8 15. Bf4 Ne8 16. Nf5 Qf6 17. Qxf6 Nxf6 18. Bxb8 g6 19. Bd6+ Kg8 20. Ne7+ Kh7
21. e5 Nh5 22. Rad1 Ba6 23. Bc7 Bb5 24. Nd4 Bc4 25. b3 Be6 26. Nxe6 dxe6 27.
Rd8 1-0

[Event "Kort Pske 1. forlb Gruppe 2"]
[Site "Svendborg"]
[Date "2018.03.25"]
[Round "3"]
[White "Hansen, Mikkel Strandby"]
[Black "Thorup, Bo Beier"]
[Result "1/2-1/2"]
[WhiteElo "1453"]
[BlackElo "1659"]
[PlyCount "83"]
[EventDate "2018.03.24"]
[EventType "swiss"]
[EventRounds "5"]
[EventCountry "DEN"]

1. d4 Nf6 2. Nf3 g6 3. Bf4 Bg7 4. e3 c5 5. c3 cxd4 6. exd4 d5 7. Nbd2 Nc6 8.
Bb5 Qb6 9. Qe2 a6 10. Bxc6+ bxc6 11. Nb3 O-O 12. O-O Nh5 13. Be5 f6 14. Bg3
Nxg3 15. fxg3 e5 16. Kh1 Bg4 17. h3 Bxf3 18. gxf3 Rfe8 19. Qc2 Ra7 20. Rae1
Rae7 21. Re2 f5 22. dxe5 Rxe5 23. Rfe1 Qc7 24. Kg2 Kf7 25. Qd3 Qb6 26. Qd2 a5
27. Nc1 Qb7 28. Nd3 Rxe2+ 29. Rxe2 Rxe2+ 30. Qxe2 Qb5 31. Nf4 Qxe2+ 32. Nxe2
Ke6 33. Nd4+ Kd6 34. Kf2 a4 35. Nc2 c5 36. Ke3 Kc6 37. g4 Bh6+ 38. Kd3 Bc1 39.
b3 axb3 40. axb3 Bg5 41. gxf5 gxf5 42. Ne3 1/2-1/2

[Event "Kort Pske 1. forlb Gruppe 2"]
[Site "Svendborg"]
[Date "2018.03.25"]
[Round "3"]
[White "Saravana, Vedant Kumar"]
[Black "Medhus, Vitus Bondo"]
[Result "1-0"]
[WhiteElo "1271"]
[BlackElo "1394"]
[PlyCount "35"]
[EventDate "2018.03.24"]
[EventType "swiss"]
[EventRounds "5"]
[EventCountry "DEN"]

1. e4 c5 2. d4 cxd4 3. Qd2 d3 4. Qxd3 Nc6 5. Qd1 e5 6. Nf3 Nf6 7. Bg5 Be7 8.
Nc3 O-O 9. Bc4 Qb6 10. Bb3 Ng4 11. O-O Bc5 12. Bh4 Bd4 13. Nxd4 Nxd4 14. Nd5
Qh6 15. Qxg4 Kh8 16. Ne7 f5 17. exf5 Nxf5 18. Nxf5 1-0

[Event "Kort Pske 1. forlb Gruppe 2"]
[Site "Svendborg"]
[Date "2018.03.25"]
[Round "3"]
[White "Nielsen Refs, Ingrid Elmer"]
[Black "Henriksen, Ole"]
[Result "0-1"]
[WhiteElo "1404"]
[BlackElo "1558"]
[PlyCount "138"]
[EventDate "2018.03.24"]
[EventType "swiss"]
[EventRounds "5"]
[EventCountry "DEN"]

1. d4 d5 2. c4 e6 3. Nc3 Nf6 4. Bg5 Be7 5. e3 c6 6. cxd5 exd5 7. Nf3 Nbd7 8. a3
O-O 9. Bd3 Re8 10. O-O b5 11. Bxf6 Nxf6 12. e4 dxe4 13. Nxe4 Nd5 14. Rc1 Bd7
15. Qd2 f6 16. Rfe1 Rc8 17. Nc3 Rf8 18. Nxd5 cxd5 19. Rxc8 Bxc8 20. Bxb5 Bg4
21. Qe3 Rf7 22. Bd3 g6 23. h3 Bd7 24. Qh6 Bf8 25. Qd2 Be7 26. b4 Kf8 27. Re3
Kg8 28. Nh4 Kg7 29. Rg3 f5 30. Nf3 f4 31. Ne5 fxg3 32. Nxf7 Kxf7 33. Qf4+ Kg7
34. Qxg3 Qb6 35. Qe5+ Bf6 36. Qxd5 Bc6 37. Qd6 Qxd4 38. Qc7+ Qd7 39. Qg3 Qe7
40. Kh2 Be5 41. f4 Bf6 42. b5 Be8 43. Qf2 Qxa3 44. Qc2 Qc3 45. Qe2 Bf7 46. Qe4
Qd4 47. Qe2 Qxf4+ 48. g3 Qe5 49. Qf2 Qd4 50. Qe2 Qb2 51. Qxb2 Bxb2 52. Be4 Bd4
53. Kg2 Kf6 54. Kf3 Ke5 55. Bc6 Bd5+ 56. Bxd5 Kxd5 57. h4 Bg7 58. Kf4 h6 59. g4
Be5+ 60. Ke3 Kc5 61. Kd3 Kxb5 62. Kc2 a5 63. Kb3 a4+ 64. Ka3 Bd6+ 65. Ka2 Kb4
66. Kb2 Be5+ 67. Ka2 a3 68. g5 h5 69. Kb1 Kb3 0-1

[Event "Kort Pske 1. forlb Gruppe 2"]
[Site "Svendborg"]
[Date "2018.03.25"]
[Round "3"]
[White "Nielsen Refs, Karl Emil Elmer"]
[Black "Nielsen, Jan"]
[Result "1-0"]
[WhiteElo "1190"]
[BlackElo "2127"]
[PlyCount "87"]
[EventDate "2018.03.24"]
[EventType "swiss"]
[EventRounds "5"]
[EventCountry "DEN"]

1. d4 d5 2. Nf3 Nf6 3. g3 e6 4. Bg2 Nbd7 5. Nc3 c6 6. Bg5 Be7 7. O-O h6 8. Bxf6
Nxf6 9. Qd3 O-O 10. e4 dxe4 11. Nxe4 Nd5 12. a3 f5 13. Nc3 Bf6 14. Nxd5 cxd5
15. c4 Qb6 16. b4 Bd7 17. Ne5 Bxe5 18. dxe5 Rad8 19. cxd5 Bb5 20. Qb3 exd5 21.
Rfd1 Bc4 22. Bxd5+ Bxd5 23. Rxd5 Rxd5 24. Qxd5+ Kh8 25. Qd6 Qxd6 26. exd6 Rd8
27. Rd1 Kg8 28. Kg2 Kf7 29. Kf3 Ke6 30. Kf4 g6 31. Re1+ Kxd6 32. Rd1+ Ke7 33.
Rxd8 Kxd8 34. Ke5 Ke7 35. h4 h5 36. f4 b5 37. Kd5 Kd7 38. Kc5 a6 39. Kd5 Ke7
40. Kc6 Ke6 41. Kc5 Kd7 42. Kb6 Kd6 43. Kxa6 Kc6 44. Ka5 1-0